Děsivá noc Keltů /

Hlavní autor: Bimka, David, 1981-
Další autoři: Chlud, Tomáš, 1976-
Jazyk: Čeština
Vydáno: Brno : Extra Publishing, s.r.o., 2017
Vydání: Vydání druhé, knižní první
Edice: Prožij vlastní dobrodružství!
Časostroj
Témata:
Fyzický popis: 63 stran : ilustrace ; 14 cm
Knihy
Uloženo v:
LEADER 02053nam a2200541 i 4500
001 nkc20182970889
003 CZ PrNK
005 20210903084321.0
007 ta
008 180118s2017 xr a c 000 j cze
015 |a cnb002970889 
020 |a 978-80-7525-142-8  |q (brožováno) :  |c Kč 89,00 
035 |a (OCoLC)1028199622 
040 |a OLA001  |b cze  |d ABA001  |e rda 
072 7 |a 821.162.3-3  |x Česká próza  |2 Konspekt  |9 25 
072 7 |a 821-93  |x Literatura pro děti a mládež (beletrie)  |2 Konspekt  |9 26 
080 |a 821.162.3-32  |2 MRF 
080 |a 821-93  |2 MRF 
080 |a (0:82-321.3)  |2 MRF 
080 |a (0.05)793.7  |2 MRF 
100 1 |a Bimka, David,  |d 1981-  |7 ola2007419058  |4 aut 
245 1 0 |a Děsivá noc Keltů /  |c napsal David Bimka ; ilustroval Tomáš Chlud 
250 |a Vydání druhé, knižní první 
264 1 |a Brno :  |b Extra Publishing, s.r.o.,  |c 2017 
300 |a 63 stran :  |b ilustrace ;  |c 14 cm 
336 |a text  |b txt  |2 rdacontent 
337 |a bez média  |b n  |2 rdamedia 
338 |a svazek  |b nc  |2 rdacarrier 
490 1 |a Prožij vlastní dobrodružství! ;  |v gamebook 2 
490 1 |a Časostroj 
500 |a Podnázev v tiráži: prožij vlastní dobrodružství! : herní kniha 
655 7 |a české příběhy  |7 fd133973  |2 czenas 
655 7 |a dobrodružné příběhy  |7 fd132060  |2 czenas 
655 7 |a čtenářské hry  |7 fd133978  |2 czenas 
655 7 |a publikace pro děti  |7 fd133156  |2 czenas 
655 9 |a Czech stories  |2 eczenas 
655 9 |a adventure stories  |2 eczenas 
655 9 |a literary recreations  |2 eczenas 
655 9 |a children's literature  |2 eczenas 
700 1 |a Chlud, Tomáš,  |d 1976-  |7 xx0070463  |4 ill 
830 0 |a Prožij vlastní dobrodružství!  |0 s 
830 0 |a Časostroj  |0 s 
910 2 |a BOA001  |b S-1403.022 
990 |a BK 
995 |a 01 
991 |b 201802  |c NOV 
996 6 |b 2610734200  |c S-1403.022  |l MZK  |r Sklad / do 24 hodin  |n 0  |p p.v.  |w 001650585  |u 000010  |a 1  |e BOA001  |j MZK50  |s P 
996 6 |b 2610734201  |c S-1403.022  |l MZK  |r Sklad / do 24 hodin  |n 0  |p p.v.  |w 001650585  |u 000020  |a 1  |e BOA001  |j MZK50  |s P